A PRACTICAL BOOK OF HUMAN ANATOMY AND PHYSIOLOGY (Record no. 5847)

MARC details
000 -LEADER
fixed length control field 00523nam a22001817a 4500
005 - DATE AND TIME OF LATEST TRANSACTION
control field 20240108145547.0
008 - FIXED-LENGTH DATA ELEMENTS--GENERAL INFORMATION
fixed length control field 190503b xxu||||| |||| 00| 0 eng d
020 ## - INTERNATIONAL STANDARD BOOK NUMBER
ISBN 978-93-87686-00-7
041 ## - LANGUAGE CODE
Language code of text/sound track or separate title eng
082 ## - DEWEY DECIMAL CLASSIFICATION NUMBER
Classification number 612
Item number DES-P
100 ## - MAIN ENTRY--AUTHOR NAME
Personal name DESHPANDE, DR, SHILPA A VYAWAHARE Dr. NIRAJ S , AMALE ,PRASHANDN AND OTHERS
245 ## - TITLE STATEMENT
Title A PRACTICAL BOOK OF HUMAN ANATOMY AND PHYSIOLOGY
250 ## - EDITION STATEMENT
Edition statement 3rd ed, 2019
260 ## - PUBLICATION, DISTRIBUTION, ETC. (IMPRINT)
Place of publication PUNE
Name of publisher NIRALI PRAKASHAN
300 ## - PHYSICAL DESCRIPTION
Number of Pages 80p,
650 ## - SUBJECT ADDED ENTRY--TOPICAL TERM
Topical Term PHARMACY
General subdivision B.PHARMA
942 ## - ADDED ENTRY ELEMENTS (KOHA)
Koha item type Books
Holdings
Lost status Damaged status Collection code Home library Current library Shelving location Date acquired Source of acquisition Cost, normal purchase price Full call number Accession Number Koha item type
    PHARMACY JRU Library JRU Library Shelf - 27- G 03/05/2019 PURCHESS 75.00 612 22722 Books
    PHARMACY JRU Library JRU Library Shelf - 27- G 03/05/2019 PURCHESS 75.00 612 22723 Books
    Reference JRU Library JRU Library SHELF-4-D 03/05/2019 PURCHESS 75.00 612 22724 Books
    PHARMACY JRU Library JRU Library Shelf - 27- G 10/02/2022 PURCHASE 85.00 612 26346 Books
    PHARMACY JRU Library JRU Library Shelf - 27- G 10/02/2022 PURCHASE 85.00 612 26347 Books
    PHARMACY JRU Library JRU Library Shelf - 27- G 10/02/2022 PURCHASE 85.00 612 26348 Books
    PHARMACY JRU Library JRU Library Shelf - 27- G 26/10/2023 PURCHASE 85.00 612 26349 Books
    PHARMACY JRU Library JRU Library Shelf - 27- G 10/02/2022 PURCHASE 85.00 612 26350 Books
    PHARMACY JRU Library JRU Library Shelf - 27- G 10/02/2022 PURCHASE 85.00 612 26351 Books